000 01033nam a2200313 i 4500
001 180252
003 ES-MaACL
005 20250405232724.0
008 120521s2010 sp ao |||| | spa d
020 _a978-84-937809-4-4
080 _a599.5(0:82)
080 _a82.09
100 1 _aHoare, Philip.
_9150056
245 1 0 _aLeviatán
_bo La ballena /
_cPhilip Hoare ; traducción, Joan Eloi Roca.
246 3 0 _aLa ballena
250 _a1ª ed.; 2ª reimpr.
260 _aBarcelona :
_bÁtico de los Libros,
_c2010.
300 _a510 p. :
_bil., fot. ;
_c21 cm.
490 1 _aÁtico de los Libros ;
_v6
504 _aBibliografía: p. 497-502.
586 _aPremio BBC Samuel Johnson de No Ficción, 2009
650 7 _aBallenas.
_9150057
700 1 _aRoca, Juan Eloy,
_d1974-
_9150059
830 0 _aÁtico de los Libros ;
_v6
_9224617
852 _aES-MaACL
_jA-12116
_9187165
_bR.148303
_cDEPO1
_dOlim: N-5121
942 _2udc
_cMONOGRAFIA
999 _c180252
_d180252